[Event "TCh-ROU 2013"]
[Site "Mamaia ROU"]
[Date "2013.09.01"]
[Round "2.3"]
[White "Thesing,M"]
[Black "Ionescu,Co"]
[Result "0-1"]
[WhiteElo "2383"]
[BlackElo "2443"]

1.e4 c5 2.Nf3 e6 3.d4 cxd4 4.Nxd4 a6 5.Nc3 b5 6.g3 Bb7 7.Bg2 Nf6 8.O-O b4
9.Na4 Bxe4 10.Bxe4 Nxe4 11.Re1 Nf6 12.Qf3 Ra7 13.c4 Be7 14.Bf4 O-O 15.Rad1 Qc8
16.Nf5 exf5 17.Rxe7 Qxc4 18.b3 Qc6 19.Qe3 Qa8 20.Nb6 Qb7 21.Bxb8 Qxb8 22.Nd5 Nxd5
23.Rxd5 Rc7 24.Rxf5 d6 25.Re4 Qb7 26.Qd4 Rc5 27.Rff4 Rc1+ 28.Kg2 Qc6 29.Rf5 Rc5
30.g4 Re8 31.f3 Rxf5 32.Rxe8+ Qxe8 33.gxf5 Qe2+ 34.Kg1 Qxf3 35.Qxb4 Qd1+
36.Kf2 h5 37.Qa5 Qd3 38.Qd8+ Kh7 39.Qg5 Qc2+ 40.Kg3 Qxa2 41.Qxh5+ Kg8 42.Qf3 Qa1
43.f6 Qe5+ 44.Kg2 d5 45.fxg7 Qe4  0-1

[Event "TCh-ROU 2013"]
[Site "Mamaia ROU"]
[Date "2013.09.02"]
[Round "3.3"]
[White "Nevednichy,V"]
[Black "Thesing,M"]
[Result "1-0"]
[WhiteElo "2573"]
[BlackElo "2383"]

1.e4 c5 2.Nf3 e6 3.d4 cxd4 4.Nxd4 a6 5.Nc3 Qc7 6.Bd3 Nc6 7.Nxc6 dxc6 8.f4 e5
9.f5 Bc5 10.Qg4 Kf8 11.Qf3 b5 12.g4 Bb7 13.g5 Rd8 14.Bd2 h6 15.h4 h5 16.O-O-O f6
17.Ne2  1-0

[Event "Nordeste IM 2013"]
[Site "Natal BRA"]
[Date "2013.09.02"]
[Round "6.3"]
[White "Zallio,L"]
[Black "Brito,L"]
[Result "1-0"]
[WhiteElo "2120"]
[BlackElo "2282"]

1.e4 c5 2.Nf3 e6 3.d4 cxd4 4.Nxd4 a6 5.Nc3 Qc7 6.Bd3 Nc6 7.Nxc6 bxc6 8.O-O d5
9.f4 Nf6 10.e5 Nd7 11.Na4 c5 12.c3 g6 13.b3 Bb7 14.Qe2 Be7 15.Rf3 Qc6 16.Bd2 h5
17.Bc2 h4 18.h3 Rd8 19.Re1 Nb6 20.Nxb6 Qxb6 21.Kh2 Qc7 22.Rf2 Bc6 23.a4 Bb7
24.Rb1 Qc6 25.Re1 Rd7 26.Rc1 Bd8 27.b4 Bb6 28.b5 axb5 29.axb5 Qc7 30.Qg4 Re7
31.Re2 Kd7 32.Ra1 Kc8 33.Be1 Rd7 34.Bxh4 Kb8 35.Bg3 d4 36.Be4 d3 37.Bxb7 Qxb7
38.Rea2 Qe4 39.Ra4 c4 40.Qd1 Rc8 41.Ra6 Rb7 42.Qa4 Kc7 43.Qb4 Qd5 44.Rxb6 Rxb6
45.Qe7+  1-0

[Event "TCh-SRB 1st League 2013"]
[Site "Kragujevac SRB"]
[Date "2013.09.03"]
[Round "11.2"]
[White "Todorovic,GM"]
[Black "Benkovic,P"]
[Result "1-0"]
[WhiteElo "2488"]
[BlackElo "2428"]

1.e4 c5 2.Nf3 e6 3.d4 cxd4 4.Nxd4 a6 5.Nc3 Qc7 6.Bd3 Nf6 7.Qe2 d6 8.f4 Be7
9.Bd2 Nc6 10.Nxc6 bxc6 11.O-O e5 12.fxe5 dxe5 13.Nd1 Bg4 14.Qe1 Bxd1 15.Rxd1 Qb6+
16.Kh1 Qxb2 17.Bc3 Qxa2 18.Bxe5 Qe6 19.Ba1 O-O 20.e5 Nd5 21.Bf5 Qh6 22.Rd3 g6
23.e6 f6 24.c4 Nb6 25.Rh3 Qg5 26.Rg3 Qh6 27.Qe4 Kg7 28.Qxc6 Rab8 29.Qc7 Rfe8
30.Bxf6+  1-0

[Event "78th ch-ESP 2013"]
[Site "Linares ESP"]
[Date "2013.09.03"]
[Round "6.3"]
[White "Espinosa Aranda,A"]
[Black "Salgado Lopez,I"]
[Result "0-1"]
[WhiteElo "2392"]
[BlackElo "2614"]

1.e4 c5 2.Nf3 e6 3.d4 cxd4 4.Nxd4 a6 5.Nc3 Qc7 6.Be2 d6 7.O-O Nd7 8.f4 Ngf6
9.Bf3 Be7 10.Qe1 Rb8 11.a4 b6 12.Be3 Bb7 13.f5 e5 14.Nb3 Rc8 15.Rd1 Qb8 16.Nd2 b5
17.axb5 axb5 18.Nxb5 Rxc2 19.Rc1 Rxc1 20.Qxc1 O-O 21.Nc3 Ba6 22.Rd1 Bd8 23.Nf1 Bxf1
24.Kxf1 Bb6 25.Qd2 Bxe3 26.Qxe3 Qxb2 27.Rxd6 Rc8 28.Ne2 h6 29.Rd2 Qb1+ 30.Kf2 Nc5
31.Nc3 Qb4 32.Kg1 Nb3 33.Rd3 Nd4 34.h3 Ra8 35.Kh2 Ra3 36.Bg4 Qc4 37.Bf3 Kh7
38.Qd2 Nb5 39.Nxb5 Rxd3 40.Qb2 Qc5 41.Qb1 Rxf3 42.Qd1  0-1

[Event "TCh-ROU 2013"]
[Site "Mamaia ROU"]
[Date "2013.09.04"]
[Round "5.3"]
[White "Daianu,C"]
[Black "Thesing,M"]
[Result "0-1"]
[WhiteElo "2233"]
[BlackElo "2383"]

1.e4 c5 2.Nf3 e6 3.d4 cxd4 4.Nxd4 a6 5.Nc3 Qc7 6.Bd3 Nf6 7.O-O Bc5 8.Be3 d6
9.Qf3 O-O 10.Qg3 b5 11.a4 b4 12.Nce2 e5 13.Bg5 Ne8 14.Nb3 Be6 15.Kh1 Nc6
16.f4 f6 17.Bh4 Bb6 18.Qf3 a5 19.Rad1 Bf7 20.Bg3 Rd8 21.Nec1 Nd4 22.Nxd4 Bxd4
23.b3 Qe7 24.Ne2 Bc5 25.Bf2 Nc7 26.Ng3 g6 27.Bxc5 dxc5 28.f5 g5 29.h4 gxh4
30.Qg4+ Kh8 31.Qxh4 Rg8 32.Be2 Rd4 33.Rd3 Ne8 34.Kg1 Nd6 35.Rxd4 cxd4 36.Kf2 Rg5
37.Rh1 Be8 38.Bd3 Qg7 39.Qh3 Bf7 40.Rh2 Be8 41.Nf1 Kg8 42.Nd2 Bc6 43.Rh1 Rg4
44.g3 Bxe4 45.Nxe4 Nxe4+ 46.Bxe4 Rxe4 47.Qh5 Re3 48.Qe8+ Qf8 49.Qe6+ Qf7
50.Qc8+ Kg7 51.Rh4 h5 52.g4 Rc3 53.Qa8 Rxc2+ 54.Kg1 Rc1+ 55.Kf2 Rc2+ 56.Ke1 Qxb3
57.Qa7+ Qf7 58.Qxa5 Qc7 59.Qxc7+ Rxc7 60.Rxh5 Ra7  0-1

[Event "78th ch-ESP 2013"]
[Site "Linares ESP"]
[Date "2013.09.06"]
[Round "9.18"]
[White "Silva Rodriguez,J"]
[Black "Navarro Lopez Menchero,D"]
[Result "0-1"]
[WhiteElo "2198"]
[BlackElo "2318"]

1.e4 c5 2.Nf3 e6 3.Nc3 a6 4.d4 cxd4 5.Nxd4 b5 6.Bd3 Qb6 7.Be3 Bc5 8.Be2 Bb7
9.a4 b4 10.a5 Qd6 11.Na4 Ba7 12.Nb6 Bxb6 13.axb6 Nf6 14.O-O O-O 15.Nb3 Bc8
16.Bc1 Qd4 17.Nxd4 Bb7 18.Be3 b3 19.Nxb3 Nc6 20.Qd6 Rfd8 21.Bc5 Rdc8 22.Bxa6 Rc7
23.Qd1 Nb8 24.Nd4 Bc8 25.b7 Bxb7 26.Nb3 Nc6 27.Qd6 Rcc8 28.Qc7 Rxc7 29.Bb6 Rcc8
30.Ra4 Nxe4  0-1

[Event "78th ch-ESP 2013"]
[Site "Linares ESP"]
[Date "2013.09.06"]
[Round "9.16"]
[White "Sanchez Aller,F"]
[Black "Romero Berruezo,F"]
[Result "1-0"]
[WhiteElo "2320"]
[BlackElo "2154"]

1.e4 c5 2.Nc3 e6 3.Nf3 a6 4.d4 cxd4 5.Nxd4 b5 6.g3 Bb7 7.Bg2 Ne7 8.O-O Nbc6
9.e5 Ng6 10.Nxc6 Bxc6 11.Bxc6 dxc6 12.Qe2 Qd4 13.Re1 Be7 14.h4 h5 15.Qf3 Rc8
16.Re4 Qb6 17.Bf4 c5 18.Ree1 Qc6 19.Ne4 f5 20.exf6 gxf6 21.Rad1 Kf7 22.Bd6 f5
23.Bxe7 Kxe7 24.Ng5 Ra8 25.Rf1 Ke8 26.Ra1 Rc8 27.Rfe1 Qb6 28.Re4 Qc6 29.Rae1 fxe4
30.Nxe4 Ke7 31.Ng5 Nxh4 32.gxh4 Rhd8 33.Qf5 Rd1 34.Qf7+  1-0

[Event "Satka Autumn 2013"]
[Site "Satka RUS"]
[Date "2013.09.06"]
[Round "4"]
[White "Andreeva,E"]
[Black "Onischuk,N"]
[Result "1/2-1/2"]
[WhiteElo "1992"]
[BlackElo "2175"]

1.e4 c5 2.Nf3 e6 3.Nc3 a6 4.d4 cxd4 5.Nxd4 Qc7 6.Be2 Bb4 7.Bd2 Nf6 8.Bd3 d5
9.Qe2 dxe4 10.Nxe4 Bxd2+ 11.Nxd2 Nc6 12.Nxc6 Qxc6 13.O-O b5 14.Ne4 Bb7 15.Rfe1 Nxe4
16.Bxe4 Qc7 17.a4 Bxe4 18.Qxe4 Rb8 19.axb5 axb5 20.Qb4 Qe7 21.Re4 f5 22.Rd4 Qxb4
23.Rxb4 Ke7 24.Ra7+ Kf6 25.Kf1 Rhd8 26.Ke2 Rbc8 27.c3 Rc5 28.g4 Re5+ 29.Kf3 Rd3+
30.Kg2 Rd2 31.g5+ Kxg5 32.Rxg7+ Kf6 33.Rg3 Ree2 34.Rf3 Rxb2 35.Rh4 Kg6 36.Rg3+ Kf6
37.Rf3 Kg6 38.Rg3+ Kf6 39.Rf3 Kg6 40.Rg3+ Kf6 41.Rf3  1/2-1/2

[Event "FSFMA Sept 2013"]
[Site "Budapest HUN"]
[Date "2013.09.07"]
[Round "1.3"]
[White "Bodi,Ti"]
[Black "Juhasz,Bel"]
[Result "1-0"]
[WhiteElo "2035"]
[BlackElo "2187"]

1.e4 c5 2.Nf3 e6 3.d4 cxd4 4.Nxd4 a6 5.Nc3 Qc7 6.Bd3 Bc5 7.Nb3 Ba7 8.Qg4 Kf8
9.Bf4 d6 10.Qg3 e5 11.Nd5 Qd8 12.Be3 Nc6 13.O-O-O Be6 14.Bxa7 Rxa7 15.f4 Nf6
16.fxe5 Nxe5 17.Rhf1 Bxd5 18.exd5 Ra8 19.Kb1 h5 20.Nd4 h4 21.Qg5 Kg8 22.Nf5 Ne8
23.Ne7+ Kf8 24.Ng6+ Nxg6 25.Qxg6 Nf6 26.Qg5 Rh5 27.Qf4 Qc7 28.g4 hxg3 29.hxg3 Re8
30.g4 Rh8 31.g5 Nh5 32.Qd4 Kg8 33.Rde1 Rxe1+ 34.Rxe1 Qd8 35.Qb6 Qf8 36.Qxb7 g6
37.Qxa6 Nf4 38.Qb5 Kg7 39.Qc4 Rh4 40.Qd4+ Kg8 41.Qf2 Rg4 42.Bb5 Qg7 43.Qf3  1-0

[Event "FSFMB Sept 2013"]
[Site "Budapest HUN"]
[Date "2013.09.07"]
[Round "1.2"]
[White "Karacsonyi,Gellert"]
[Black "Lukacs,Albert"]
[Result "0-1"]
[WhiteElo "1737"]
[BlackElo "1917"]

1.e4 c5 2.Nf3 e6 3.d4 cxd4 4.Nxd4 a6 5.Nc3 Qc7 6.Bd3 b5 7.Be3 Nc6 8.O-O Nf6
9.Qe2 Bb7 10.f4 Nxd4 11.Bxd4 Bc5 12.Bxc5 Qxc5+ 13.Kh1 b4 14.Nd1 h5 15.Nf2 h4
16.a3 a5 17.axb4 axb4 18.Rxa8+ Bxa8 19.Ra1 Ke7 20.e5 Nh5 21.Be4 Nxf4 22.Qg4 Qxe5
23.Bxa8 Rxa8 24.Qxh4+ g5  0-1

[Event "6th Sabadell Open"]
[Site "Sabadell ESP"]
[Date "2013.09.09"]
[Round "8.10"]
[White "Sayrol Clols,J"]
[Black "Vidarte Morales,A"]
[Result "1/2-1/2"]
[WhiteElo "2111"]
[BlackElo "2337"]

1.e4 c5 2.Nf3 e6 3.d4 cxd4 4.Nxd4 a6 5.Nc3 Qc7 6.Bd3 b5 7.O-O Bb7 8.Re1 Nc6
9.Nxc6 Qxc6 10.Nd5 Nf6 11.Nxf6+ gxf6 12.Qh5 Bc5 13.Be3 Rc8 14.Qh6 Ke7 15.Bxc5+ Qxc5
16.e5 fxe5 17.Qg5+ f6 18.Qg7+ Kd6 19.Rad1 Kc7 20.Be4 Bd5 21.Bxd5 exd5 22.Qxf6 d6
23.Qf7+ Kc6 24.b4 Qc4 25.Qa7 Ra8 26.Qg7 h5 27.c3 Rhf8 28.Qh7 Qf4 29.Re2 Qf5
30.Qe7 Rf7 31.Qh4 a5 32.bxa5 Qg4 33.Qxg4 hxg4 34.Red2 Rxa5 35.Rxd5 Rf6 36.R5d2 Ra3
37.Rc1 d5 38.Rb2 Kc5 39.Rcb1 Rb6 40.Rc1 Rba6 41.Rcc2 R6a4 42.h4 gxh3 43.gxh3 Kc4
44.Kg2 Ra5 45.Rb4+ Kd3 46.Rcb2 Kxc3 47.Rxb5 Rxb5 48.Rxb5 Kc4 49.Rb2 d4 50.Rc2+ Kd3
51.Rc5 e4 52.h4 Rxa2 53.Kf1 Ra1+ 54.Kg2 Ra6 55.h5 Rf6 56.Re5 e3 57.fxe3 dxe3
58.Re8 Rf5 59.h6 Rh5 60.Re6 e2 61.Rd6+ Ke3 62.Re6+ Kd2 63.Rd6+ Ke1 64.Rf6 Rh4
65.Rd6 Rg4+ 66.Kf3 Rh4 67.Kg2 Rh5 68.Re6 Rh4 69.Kf3 Rh2 70.Kg3 Rh1 71.Kg2 Rh5
72.Kf3 Rf5+ 73.Kg2 Kd1 74.Rd6+ Ke1 75.h7 Rh5  1/2-1/2

[Event "ch-Vienna State 2013"]
[Site "Vienna AUT"]
[Date "2013.09.09"]
[Round "3.4"]
[White "Weinzettl,E"]
[Black "Fauland,A"]
[Result "1/2-1/2"]
[WhiteElo "2300"]
[BlackElo "2439"]

1.e4 c5 2.Nf3 e6 3.d4 cxd4 4.Nxd4 a6 5.Nc3 Ne7 6.Be3 Nbc6 7.Be2 Nxd4 8.Qxd4 Nc6
9.Qd2 b5 10.O-O Be7 11.f4 O-O 12.Bf3 Na5 13.Qf2 Nc4 14.Bd4 Bb7 15.b3 Na3
16.Nb1 Qc7 17.Nxa3 Bxa3 18.Qd2 Rac8 19.c3 f6 20.e5 Bxf3 21.Rxf3 fxe5 22.Bxe5 d6
23.Bd4 e5 24.Bf2 Rxf4 25.Rxf4 exf4 26.Bd4 Bc5  1/2-1/2

[Event "FSFMB Sept 2013"]
[Site "Budapest HUN"]
[Date "2013.09.11"]
[Round "4.5"]
[White "Karacsonyi,Gellert"]
[Black "Bacsi,A"]
[Result "1/2-1/2"]
[WhiteElo "1737"]
[BlackElo "1845"]

1.e4 c5 2.Nf3 e6 3.d4 cxd4 4.Nxd4 a6 5.Nc3 Qc7 6.Bd3 Nc6 7.Be3 Nf6 8.O-O b5
9.a4 b4 10.Nce2 Bb7 11.Nxc6 Bxc6 12.f3 d5 13.exd5 Nxd5 14.Bf2 Bd6 15.Kh1 O-O
16.Nd4 Bb7 17.h3 Nf6 18.c3 bxc3 19.Rc1 Bd5 20.Rxc3 Qb7 21.b3 Rfc8 22.Rxc8+ Rxc8
23.Qd2 g6 24.Be3 e5  1/2-1/2

[Event "Faergen Cup 2013"]
[Site "Allinge DEN"]
[Date "2013.09.12"]
[Round "6.12"]
[White "Ottesen,Soren Rud"]
[Black "Patola,E"]
[Result "0-1"]
[WhiteElo "1768"]
[BlackElo "1956"]

1.e4 c5 2.Nf3 e6 3.d4 cxd4 4.Nxd4 a6 5.Nc3 Qc7 6.Be2 Bb4 7.Bd2 Nf6 8.Bf3 Qe5
9.Nde2 g5 10.h3 h5 11.Be3 Nc6 12.Nd4 Nxe4 13.Qd3 Nc5 14.Qd2 f5 15.Nxc6 bxc6
16.Qd4 Qxd4 17.Bxd4 Rh7 18.a3 Bxc3+ 19.Bxc3 Kf7 20.Bb4 Ne4 21.Bxe4 fxe4 22.Bd6 Kf6
23.Ke2 e5 24.Rad1 a5 25.Rc1 Ke6 26.Rhd1 Rf7 27.Ke3 a4 28.Rd2 Ra5 29.c4 Bb7
30.Bc7 Ra8 31.Bb6 d5 32.c5 Ba6 33.Ba5 Raf8 34.Bc3 Rf3+  0-1

[Event "FSIM Sept 2013"]
[Site "Budapest HUN"]
[Date "2013.09.13"]
[Round "7.4"]
[White "Farago,S"]
[Black "Sean,W"]
[Result "0-1"]
[WhiteElo "2254"]
[BlackElo "2338"]

1.e4 c5 2.Nf3 e6 3.d4 cxd4 4.Nxd4 a6 5.Nc3 Qc7 6.g3 b5 7.a3 Bb7 8.Bg2 Nf6
9.O-O d6 10.Re1 Nbd7 11.a4 b4 12.Na2 e5 13.Nf5 a5 14.c3 g6 15.Ne3 b3 16.Qxb3 Nc5
17.Qd1 Ncxe4 18.c4 Qb6 19.Rb1 Be7 20.b4 O-O 21.Ba3 Qc7 22.bxa5 Rxa5 23.Bb4 Ra7
24.a5 Rd8 25.Nd5 Nxd5 26.cxd5 Nc5 27.Bd2 Rda8 28.Nc3 Ba6 29.Na4 Nd3 30.Rf1 Rb7
31.Nb6 Rab8 32.Be3 f5 33.Qd2 f4 34.gxf4 Nxf4 35.Rfe1 Kg7  0-1

[Event "ch-Vienna State 2013"]
[Site "Vienna AUT"]
[Date "2013.09.15"]
[Round "9.1"]
[White "Weinzettl,E"]
[Black "Stanec,N"]
[Result "1/2-1/2"]
[WhiteElo "2300"]
[BlackElo "2506"]

1.e4 c5 2.Nf3 e6 3.d4 cxd4 4.Nxd4 a6 5.Nc3 Qc7 6.Qf3 Nf6 7.Bg5 Be7 8.O-O-O Nc6
9.Nxc6 bxc6 10.Qg3 Qxg3 11.hxg3 d5 12.Bd3 Bb7 13.f3 h6 14.Na4 Nd7 15.Bxe7 Kxe7
16.c4 d4 17.c5 e5 18.Kd2 a5 19.Rc1 Ba6 20.Bxa6 Rxa6 21.b3 Raa8 22.Rc4 Rhb8
23.Rhc1 h5 24.f4 f6 25.Rh1 g6 26.Nb2 Ke6 27.Nd3 Rb5 28.g4 Rh8 29.g3 Rbb8
30.f5+ Kf7 31.fxg6+ Kxg6 32.gxh5+ Rxh5 33.Rxh5 Kxh5 34.Rc1 Kg4 35.Ke2 Rb5
36.Rh1 Rb7 37.Kf2 Nf8 38.Rh8 Ne6 39.Kg2 Kg5  1/2-1/2

[Event "TCh-CRO 2a Liga 2013"]
[Site "Bol CRO"]
[Date "2013.09.16"]
[Round "3.4"]
[White "Tomasic,R"]
[Black "Vukelic,T"]
[Result "1/2-1/2"]
[WhiteElo "2070"]
[BlackElo "2166"]

1.e4 c5 2.Nf3 e6 3.d4 cxd4 4.Nxd4 a6 5.Nc3 Qc7 6.g3 Nf6 7.Bg2 d6 8.O-O Be7
9.a4 Nc6 10.h3 Rb8 11.Kh2 Bd7 12.f4 Nxd4 13.Qxd4 Bc6 14.Be3 O-O 15.f5 Rbe8
16.fxe6 fxe6 17.Qc4 Qc8 18.Qd3 Nd7 19.Bd4 Ne5 20.Qe2 Bf6 21.Rad1 Qc7  1/2-1/2

[Event "FSFMA Sept 2013"]
[Site "Budapest HUN"]
[Date "2013.09.16"]
[Round "8.2"]
[White "Mayer,I"]
[Black "Juhasz,Bel"]
[Result "1/2-1/2"]
[WhiteElo "2047"]
[BlackElo "2187"]

1.e4 c5 2.Nf3 e6 3.d4 cxd4 4.Nxd4 a6 5.Nc3 Qc7 6.Be2 d6 7.Be3 Nf6 8.O-O Be7
9.f4 O-O 10.Qe1 Nc6 11.Qg3 Bd7 12.Rad1  1/2-1/2

[Event "TCh-CRO w Liga 2013"]
[Site "Bol CRO"]
[Date "2013.09.17"]
[Round "4.1"]
[White "Tomulic,V"]
[Black "Ivekovic,T"]
[Result "0-1"]
[WhiteElo "1854"]
[BlackElo "1985"]

1.e4 c5 2.Nf3 e6 3.d4 cxd4 4.Nxd4 a6 5.Nc3 Qc7 6.Bd3 Nc6 7.Nxc6 Qxc6 8.O-O Bb4
9.Bd2 Ne7 10.Qg4 Ng6 11.e5 Be7 12.Rae1 Qc7 13.Kh1 O-O 14.f4 d6 15.exd6 Bxd6
16.Ne4 f5 17.Qh5 fxe4 18.Bxe4 Bxf4 19.Bb4 Bd6 20.Rxf8+ Nxf8 21.Bc3 e5 22.Rf1 Be6
23.Rxf8+ Kxf8  0-1

[Event "Baku Open 2013"]
[Site "Baku AZE"]
[Date "2013.09.19"]
[Round "1.25"]
[White "Shanava,K"]
[Black "Heydarli,K"]
[Result "1/2-1/2"]
[WhiteElo "2567"]
[BlackElo "2278"]

1.e4 c5 2.Nc3 e6 3.Nf3 a6 4.d4 cxd4 5.Nxd4 Qc7 6.Bd3 Nf6 7.f4 d6 8.Nb3 b5
9.Qf3 Bb7 10.O-O Nbd7 11.Bd2 Be7 12.Rae1 Rc8 13.Kh1 b4 14.Ne2 Nc5 15.Nxc5 Qxc5
16.Nc1 d5 17.Nb3 Qc7 18.e5 Ne4 19.Be3 O-O 20.Bd4 f5 21.exf6 Bxf6 22.Qe3 Bxd4
23.Nxd4 Rf6 24.Rf3 Rcf8 25.Ref1 e5 26.fxe5 Qxe5 27.Rxf6 Rxf6 28.Rxf6 Qxf6
29.Kg1 h6 30.h3 Qb6 31.Nf5 Qf6 32.Bxe4 dxe4 33.Qb3+ Kh7 34.Ne3 Qd4 35.a3 Bd5
36.Qxd5 Qxe3+ 37.Kh1 Qc1+ 38.Kh2 Qf4+ 39.Kg1 bxa3 40.bxa3 Qc1+ 41.Kh2 Qxc2
42.Qf5+  1/2-1/2

[Event "Dnipropetrovsk A 2013"]
[Site "Dnipropetrovsk UKR"]
[Date "2013.09.19"]
[Round "5.5"]
[White "Orlyanskaya,D"]
[Black "Petrenko,S"]
[Result "0-1"]
[WhiteElo "2053"]
[BlackElo "2184"]

1.e4 c5 2.Nf3 e6 3.d4 cxd4 4.Nxd4 a6 5.Nc3 Qc7 6.Be3 b5 7.a3 Bb7 8.f3 Nf6
9.Qd2 Nc6 10.Nb3 Ne5 11.Qd4 Nc4 12.Bxc4 bxc4 13.Nc5 Rc8 14.Nxb7 Qxb7 15.Qb6 Qxb6
16.Bxb6 Rb8 17.Na4 d5 18.exd5 Nxd5 19.Bd4 Bd6 20.Nc3 O-O 21.Nxd5 exd5 22.g3 Rfe8+
23.Kf2 Be5 24.Bxe5 Rxe5 25.Rhe1 Re6 26.Rab1 Kf8 27.Rxe6 fxe6 28.f4 Ke7 29.Ke3 Kd6
30.Kd4 g5 31.b3 gxf4 32.gxf4 Rf8 33.Rf1 cxb3 34.cxb3 a5 35.b4 axb4 36.axb4 Rc8
37.Ra1 Rc4+ 38.Ke3 Rxb4 39.Ra6+ Ke7 40.Ra7+ Kf6 41.Rxh7 Rb3+ 42.Ke2 Kf5 43.Re7 Rb4
44.Rf7+ Kg6 45.Rf8 Kg7 46.Re8 Kf7 47.Rh8 Rxf4 48.Ke3 e5 49.Rh7+ Ke6 50.Rh6+ Rf6
51.Rh4 Kd6 52.Kd3 Rf3+ 53.Ke2 Ra3 54.Rh6+ Kc5 55.h4 e4 56.h5 Kd4 57.Rb6 Ra2+
58.Kd1 Rh2 59.h6 e3 60.Ra6 Kd3 61.Ra3+ Ke4 62.Ra6 d4 63.Re6+ Kd3 64.Kc1 e2  0-1

[Event "39th National ch-BAN"]
[Site "Dhaka BAN"]
[Date "2013.09.21"]
[Round "1.3"]
[White "Mohammad,J"]
[Black "Ahmed,Sh"]
[Result "0-1"]
[WhiteElo "2197"]
[BlackElo "2160"]

1.e4 c5 2.Nf3 e6 3.d4 cxd4 4.Nxd4 a6 5.Nc3 Qc7 6.g3 Nf6 7.Bg2 Be7 8.O-O Nc6
9.a4 O-O 10.Nb3 b6 11.f4 d6 12.g4 Bb7 13.g5 Nd7 14.Be3 Rfe8 15.Qh5 Bf8 16.f5 Nb4
17.fxe6 fxe6 18.Qf7+ Kh8 19.Rf2 Re7 20.Qf4 Nc6 21.Rd1 Nce5 22.g6 hxg6 23.Rdf1 Kg8
24.Qh4 Rae8 25.Nd4 Rf7 26.Rxf7 Nxf7 27.Bh3 Nc5 28.b4 e5 29.bxc5 exd4 30.cxb6 Qxc3
31.Bc1 Rxe4  0-1

[Event "I Azuqueca Chess Classic 2013"]
[Site "Azuqueca de Henares ESP"]
[Date "2013.09.22"]
[Round "9.1"]
[White "Perez Mitjans,O"]
[Black "Bruzon Batista,L"]
[Result "1/2-1/2"]
[WhiteElo "2429"]
[BlackElo "2699"]

1.e4 c5 2.Nf3 e6 3.d4 cxd4 4.Nxd4 a6 5.Nc3 Qc7 6.g3 Nf6 7.Bg2 Bb4 8.O-O O-O
9.Bd2 Nc6 10.Nxc6 dxc6 11.a3 Be7  1/2-1/2

[Event "TCh-CRO 2a Liga 2013"]
[Site "Bol CRO"]
[Date "2013.09.22"]
[Round "9.5"]
[White "Sprenger,J"]
[Black "Drazic,S"]
[Result "0-1"]
[WhiteElo "2497"]
[BlackElo "2461"]

1.e4 c5 2.Nf3 e6 3.d4 cxd4 4.Nxd4 a6 5.Nc3 d6 6.g4 b5 7.Bg2 Bb7 8.a3 h6 9.O-O Nd7
10.f4 Rc8 11.Qe2 g5 12.Qf2 Qc7 13.f5 e5 14.Nde2 Ngf6 15.h3 h5 16.Bxg5 hxg4
17.h4 d5 18.exd5 Bc5 19.Be3 Qb6 20.Bxc5 Qxc5 21.Ng3 Rxh4 22.Nce4 Qxf2+ 23.Rxf2 Kf8
24.Nd6 Rc7 25.Nxb7 Rxb7 26.d6 Rb6 27.Rd1 Kg7 28.b4 Rh8 29.Rd3 Rc8 30.Re2 Kh6
31.Ne4 Nxe4 32.Rxe4 Kg5 33.Re2 Rd8 34.Bd5 Rxd6 35.Bxf7 Rxd3 36.cxd3 Nf6 37.Rxe5 Rxd3
38.a4 Kf4 39.Re2 Rd1+ 40.Kg2 Rb1 41.axb5 axb5 42.Rf2+ Kg5 43.Be6 Rxb4 44.Re2 Kf4
45.Rf2+ Kg5 46.Rc2 Rd4 47.Rb2 b4 48.Bc8 Ne4 49.Rb3 Nd6 50.Be6 Nxf5 51.Rb2 Ne3+
52.Kg3 Rf4 53.Re2 Rf3+ 54.Kh2 Kh4 55.Re1 g3+ 56.Kg1 g2 57.Bc4 Kg3 58.Ba6 b3
59.Be2 Rf1+  0-1

[Event "TCh-FIN SM 2013-14"]
[Site "Jyvaskyla FIN"]
[Date "2013.09.22"]
[Round "2.1"]
[White "Neiksans,A"]
[Black "Miezis,N"]
[Result "1/2-1/2"]
[WhiteElo "2551"]
[BlackElo "2546"]

1.e4 c5 2.Nf3 e6 3.d4 cxd4 4.Nxd4 a6 5.Nc3 b5 6.Bd3 Bb7 7.O-O Nc6 8.Nxc6 Bxc6
9.Re1 Nf6 10.e5 b4 11.Ne4 Nxe4 12.Bxe4 Qc7 13.Bd2 Qb7 14.Qg4 a5 15.c3 bxc3
16.Bxc3 g6 17.Bxc6 dxc6 18.Rad1 Bb4 19.Qc4 O-O 20.a3 Bxc3 21.Qxc3 Rab8 22.Rd2 a4
23.h4 h5 24.Re4 Qb5 25.Rb4 Qa6 26.Rc4 Rb3 27.Qd4 Qb5 28.Rdc2 Qd5 29.Qf4 Rb5
30.Kh2 Qxe5 31.Qxe5 Rxe5 32.Rxa4 Rb8 33.b4 Rd8 34.Ra6 Rd3 35.g3 g5 36.hxg5 Rxg5
37.Raxc6 Rxa3 38.R6c5 Rg4 39.R5c4 Rb3 40.Rxg4+ hxg4 41.Rc4 f5 42.Kg2  1/2-1/2

[Event "63rd TCh-BUL GpB 2013"]
[Site "Sunny Beach BUL"]
[Date "2013.09.23"]
[Round "7.1"]
[White "Stavrev,N"]
[Black "Filev,G"]
[Result "1/2-1/2"]
[WhiteElo "2352"]
[BlackElo "2324"]

1.e4 c5 2.Nf3 e6 3.Nc3 a6 4.d4 cxd4 5.Nxd4 Qc7 6.Be2 b5 7.O-O Bb7 8.Re1 Nc6
9.Nxc6 dxc6 10.e5 Rd8 11.Bd3 c5 12.Bg5 Be7 13.Qh5 Bxg5 14.Qxg5 Ne7 15.a4 h6
16.Qg4 Rd4 17.Qg3 b4 18.Ne4 Bxe4 19.Rxe4 Rxe4 20.Bxe4  1/2-1/2

[Event "Baku Open 2013"]
[Site "Baku AZE"]
[Date "2013.09.25"]
[Round "7.2"]
[White "Smirnov,P"]
[Black "Mamedov,Nid"]
[Result "1-0"]
[WhiteElo "2627"]
[BlackElo "2609"]

1.e4 c5 2.Nf3 e6 3.d4 cxd4 4.Nxd4 a6 5.Nc3 Qc7 6.Bd3 Nf6 7.f4 d6 8.O-O Nbd7
9.Qe2 Be7 10.Nf3 Nc5 11.e5 Nfd7 12.exd6 Qxd6 13.f5 Nxd3 14.cxd3 O-O 15.Ne4 Qd5
16.fxe6 Qxe6 17.Nd4 Bc5 18.Be3 Bxd4 19.Bxd4 b5 20.Qf2 Bb7 21.Ng3 Ne5 22.Rae1 f6
23.Nf5 Rae8 24.Bc5 Qxa2 25.Bxf8 Rxf8 26.Rxe5  1-0

[Event "9th Highlands IM"]
[Site "Trebic CZE"]
[Date "2013.09.25"]
[Round "6"]
[White "Seidl,S"]
[Black "Kratochvil,Jo"]
[Result "0-1"]
[WhiteElo "2211"]
[BlackElo "2241"]

1.e4 c5 2.Nf3 e6 3.d4 cxd4 4.Nxd4 a6 5.Nc3 b5 6.Bd3 Bb7 7.O-O Qb6 8.Nf3 Qc7
9.Qe2 Nc6 10.Bg5 Nf6 11.Rad1 d6 12.a4 b4 13.Na2 Be7 14.c3 bxc3 15.b4 h6 16.Be3 d5
17.exd5 Nxd5 18.b5 axb5 19.axb5 Ne5 20.b6 Nxf3+ 21.gxf3 Qe5 22.Bb5+ Kf8 23.Rxd5 Bxd5
24.Nb4 g5 25.Nxd5 exd5 26.b7 Rb8 27.Qd3 Bd6 28.Re1 Rxb7 29.Kf1 Re7 30.Bd2 Qxh2
31.Rxe7 Qh3+ 32.Ke2 Kxe7 33.Bxc3 Qe6+ 34.Kf1 Rc8 35.Bd2 Qe5 36.Ba6 Rc7 37.Be3 Bc5
38.Bd2 Qd4 39.Qe2+ Kf8  0-1

[Event "Caissa IM September 2013"]
[Site "Kecskemet HUN"]
[Date "2013.09.26"]
[Round "6.3"]
[White "Meszaros,An"]
[Black "Sean,W"]
[Result "0-1"]
[WhiteElo "2273"]
[BlackElo "2338"]

1.e4 c5 2.Nf3 e6 3.d4 cxd4 4.Nxd4 a6 5.Nc3 Qc7 6.Be2 b5 7.O-O Bb7 8.Re1 Nc6
9.a4 b4 10.Na2 Bd6 11.Nf3 Nf6 12.Bd3 Ng4 13.h3 h5 14.c3 Bc5 15.Be3 Nxe3 16.fxe3 bxc3
17.Nxc3 Ne5 18.Rc1 Nxf3+ 19.Qxf3 Qe5 20.Rf1 O-O 21.Nd5 Bd6 22.Nb6 Qh2+ 23.Kf2 f5
24.Rh1 fxe4 25.Rxh2 exf3 26.Kg1 f2+ 27.Kh1 Be4 28.Bf1 Ra7 29.a5 h4 30.Rd1 Be5
31.Nc4 Bg3 32.Nd6 Bxd6 33.Rxd6 Rc8 34.Rd2 Rf8 35.Rd1 d5 36.b4 Rb7 37.Bxa6 Rxb4
38.Bf1 Rb1 39.Rxb1 Bxb1 40.g4 hxg3 41.Rg2 Be4 42.a6 Rf7 43.a7 Rxa7  0-1

[Event "UKR-POL Academic Teams"]
[Site "Lviv UKR"]
[Date "2013.09.26"]
[Round "2"]
[White "Antoshkiv,A"]
[Black "Warakomska,A"]
[Result "0-1"]
[WhiteElo "1831"]
[BlackElo "2122"]

1.e4 c5 2.Nf3 e6 3.d4 cxd4 4.Nxd4 a6 5.Nc3 Qc7 6.a3 Nf6 7.Be2 b5 8.O-O Bb7
9.Bd3 Bc5 10.Nb3 Be7 11.Qe2 d6 12.f4 Nbd7 13.Bd2 O-O 14.Rae1 e5 15.f5 d5
16.exd5 Nxd5 17.Nxd5 Bxd5 18.Qg4 Kh8 19.Bc3 f6 20.Kh1 Nb6 21.Re3 Nc4 22.Rh3 Rfd8
23.Qg6 Bg8 24.Rh4 Bf8 25.Rf3 h6 26.Bb4 Qf7 27.Qg4 Nxb2 28.Rfh3 Nxd3  0-1

[Event "39th National ch-BAN"]
[Site "Dhaka BAN"]
[Date "2013.09.27"]
[Round "6.7"]
[White "Mohammad,J"]
[Black "Islam,MdH"]
[Result "1-0"]
[WhiteElo "2197"]
[BlackElo "2020"]

1.e4 c5 2.Nf3 e6 3.d4 cxd4 4.Nxd4 a6 5.Nc3 d6 6.Be3 Nf6 7.Be2 Be7 8.O-O O-O
9.f4 Qc7 10.Kh1 Nc6 11.a4 Nxd4 12.Bxd4 e5 13.Be3 Be6 14.Rf2 exf4 15.Rxf4 Nd7
16.Nd5 Bxd5 17.exd5 Bg5 18.Rc4 Qd8 19.Bxg5 Qxg5 20.Rg4 Qf6 21.c3 Ne5 22.Rb4 Qe7
23.h3 Rac8 24.Rd4 Rc7 25.c4 g6 26.b4 a5 27.bxa5 Ra8 28.a6 bxa6 29.Rb1 Rc5
30.Rb6 Qc7 31.Qb3 Nd7 32.Rb7 Qd8 33.Qe3 Ne5 34.Qh6 Rc7 35.Rb3 f5 36.Rg3 Qe8
37.a5 Rg7 38.Qd2 Rb8 39.Rf4 Rb1+ 40.Kh2 Rgb7 41.Rxf5 Qc8 42.Qg5 Rg7 43.Rf6 Qc5
44.Qe3 Qb4 45.Qf2 h5 46.Bxh5 Qe1 47.Qxe1 Rxe1 48.Bxg6 Nxc4 49.Rc3 Rc7 50.Bd3 Kg7
51.Rf4  1-0

[Event "39th National ch-BAN"]
[Site "Dhaka BAN"]
[Date "2013.09.27"]
[Round "6.1"]
[White "Abu Sufian,S"]
[Black "Hossain,Enam"]
[Result "0-1"]
[WhiteElo "2354"]
[BlackElo "2445"]

1.e4 c5 2.Nc3 a6 3.Nf3 e6 4.d4 cxd4 5.Nxd4 Qc7 6.Be2 Nc6 7.O-O b5 8.Nxc6 dxc6
9.a4 b4 10.Nb1 Nf6 11.Bd3 h5 12.Qe2 Bc5 13.Nd2 Ng4 14.Nf3 Bd6 15.h3 Bb7 16.Bd2 c5
17.c3 Nh2 18.Nxh2 Bxh2+ 19.Kh1 Bd6 20.cxb4 cxb4 21.Rac1 Qa5 22.f4 g6 23.b3 O-O
24.Bc4 Rfe8 25.Rce1 Rad8 26.Qf2 Rd7 27.Bc1 Kh7 28.f5 Qe5 29.fxg6+ fxg6 30.Bf4 Qxf4
31.Qxf4 Bxf4 32.Rxf4 Kg7 33.Ref1 Ree7 34.e5 a5 35.Rf8 Rd2 36.R1f2 Rxf2 37.Rxf2 Bd5
38.Bd3 Bxb3 39.Rf6 Bxa4 40.Rxg6+ Kf8 41.Rf6+ Ke8 42.Bg6+ Kd7 43.g4 hxg4 44.h4 Bc6+
45.Kh2 a4 46.Rf4 a3 47.Rxb4 a2 48.Rd4+ Kc8 49.Rd1 Ra7 50.Ra1 Ra3  0-1